000 00287nam a2200109Ia 4500
008 230907s9999||||xx |||||||||||||| ||und||
082 _a355.0217095491
_bHAS
245 0 _aPakistan's nuclear bomb :
260 _aPenguin Rondom House,
_bNew Delhi :
_c2018
300 _a341 p.
942 _cBK
999 _c601504
_d601504